José de Alencar (Record no. 155696)

MARC details
000 -LÍDER
campo de controle de tamanho fixo 00316 a2200145 4500
001 - NÚMERO DE CONTROLE
campo de controle 155696
040 ## - FONTE DA CATALOGAÇÃO
Instituição que transcreveu o registro Escola São Tomás de Aquino
100 ## - ENTRADA PRINCIPAL--NOME PESSOAL
Nome pessoal ALENCAR, José de
240 10 - TÍTULO UNIFORME
Título uniforme José de Alencar
Idioma da obra por
245 10 - TÍTULO
Título José de Alencar
300 ## - DESCRIÇÃO FÍSICA
Extensão 107
362 0# - DATAS DE PUBLICAÇÃO E/OU DESIGNAÇÃO SEQUENCIAL
Datas de publicação e/ou designação sequencial 1980
697 ## - ENTRADA DE ASSUNTO LOCAL--ENTIDADE COLETIVA (RLIN)
Nome corporativo ou nome da jurisdição GENERALIDADES
942 ## - ELEMENTOS DE ENTRADA ADICIONADOS (KOHA)
Tipo de material Koha Livros
Holdings
Situação do descarte Situação das perdas Situação física Não pode ser emprestado Biblioteca de origem Biblioteca atual Data de aquisição Total de empréstimos Número de chamada completo Código de barras Data de último acesso Data do preço efetivo Tipo de material Koha Fonte da classificação ou esquema de arquivamento na estante Nota pública
        ESTA - SÃO BENTO ESTA - SÃO BENTO 30/04/2024   000 ALE JOS EST00009781 30/04/2024 30/04/2024 Livros    
        Novo Tempo - Aureliano São José Novo Tempo - Aureliano São José 24/05/2024     nt930 24/05/2024 24/05/2024 Livros Classificação Decimal de Dewey Estante Verde
        Novo Tempo - Aureliano São José Novo Tempo - Aureliano São José 17/07/2024     fm444 17/07/2024 17/07/2024 Livros Classificação Decimal de Dewey FD2/EM
        Novo Tempo - Aureliano São José Novo Tempo - Aureliano São José 17/07/2024     fm445 17/07/2024 17/07/2024 Livros Classificação Decimal de Dewey FD2/EM
        Novo Tempo - Aureliano São José Novo Tempo - Aureliano São José 17/07/2024     fm446 17/07/2024 17/07/2024 Livros Classificação Decimal de Dewey FD2/EM